QUEST Central Library Banner

Matrices and computer's in electric circuits analysis (Record no. 13483)

MARC details
000 -LEADER
fixed length control field 00259nam a22001097a 4500
082 ## - DEWEY DECIMAL CLASSIFICATION NUMBER
Classification number RAM
100 ## - MAIN ENTRY--AUTHOR NAME
Personal name Ramey Robert Lee
245 ## - TITLE STATEMENT
Title Matrices and computer's in electric circuits analysis
260 ## - PUBLICATION, DISTRIBUTION, ETC. (IMPRINT)
Place of publication London
Name of publisher McGraw Hill
Year of publication 1971
300 ## - PHYSICAL DESCRIPTION
Number of Pages 389
942 ## - ADDED ENTRY ELEMENTS (KOHA)
Koha item type Books
Holdings
Withdrawn status Lost status Collection code Home library Current library Date acquired Cost, normal purchase price Full call number Accession Number Koha item type
    Reference Reference Section Reference Section 06/05/2015 142.70 RAM (Shelf - 55E) 10055 Books

Copyright © 2018,The QUEST, Nawabshah, Shaheed Benazirabad. All rights reserved
Mr. G. Farooq Channar (Librarian) QUEST, Nawabshah, Sindh, Pakistan 67480.
 Ph#: |   0244-9370381-4 Ext. 2308   Email| lib@quest.edu.pk   Web|  http://www.quest.edu.pk